Detalles MARC
| 000 -Cabecera |
| Campo de control de longitud fija |
01669ata a2200469 4500 |
| 005 - Fecha y hora de la última transacción |
| Campo de control |
20251117161130.0 |
| 008 - Elementos de longitud fija--Información general |
| Campo de control de longitud fija |
150522b2000 xxu||||| |||| 00| 0 spa d |
| 020 ## - International Standard Book Number |
| Número Internacional Estándar del Libro (ISBN) |
9684444117 |
| 041 ## - Idioma |
| Código de idioma |
Español |
| 082 ## - Clasificación Decimal Dewey |
| Número de clasificación |
658.503 K89a5 |
| 100 ## - Entrada principal--Autor personal |
| Nombre personal |
Krajewski, Lee |
| 9 (RLIN) |
31552 |
| 100 ## - Entrada principal--Autor personal |
| Nombre personal |
Ritzman, Larry |
| 9 (RLIN) |
31553 |
| 245 ## - Título propiamente dicho |
| Título |
Administración de operaciones: estrategia y análisis |
| 250 ## - Edición |
| Mención de edición |
5 edición |
| 260 ## - Pie de imprenta |
| Lugar de publicación, distribución, etc. |
México |
| 260 ## - Pie de imprenta |
| Nombre del editor, distribuidor, etc. |
Pearson Educacion |
| 260 ## - Pie de imprenta |
| Fecha de publicación, distribución, etc. |
2000 |
| 300 ## - Descripción física |
| Extensión |
928 páginas |
| 490 ## - Serie |
| Título de la Serie |
Dirección y Administración de Empresas |
| 505 ## - Nota de contenido |
| Nota de contenido |
Parte I. Selecciones de estrategias,<br/>Parte II. Procesos,<br/>Parte III. Calidad,<br/>Parte IV. Capacidad, localización y Distribución fíica, <br/>Parte V. Decisiones de operación. |
| 650 ## - Materia general |
| Temática (materia general) |
ADMINISTRACIÓN DE OPERACIONES |
| 650 ## - Materia general |
| Temática (materia general) |
MANUFACTURAS Y SERVICIOS: DIFERENCIAS Y SEMEJANZAS |
| 650 ## - Materia general |
| Temática (materia general) |
TENDENCIA EN LA ADMINISTRACIÓN DE OPERACIONES |
| 650 ## - Materia general |
| Temática (materia general) |
ESTRATEGIA DE OPERACIONES |
| 650 ## - Materia general |
| Temática (materia general) |
ESTRATEGIA CORPORATIVA |
| 650 ## - Materia general |
| Temática (materia general) |
ADMINISTRACION DE PROCESOS |
| 650 ## - Materia general |
| Temática (materia general) |
ADMINISTRACIÓN DE TECNOLOGÍA |
| 650 ## - Materia general |
| Temática (materia general) |
FUERZA DE TRABAJO |
| 650 ## - Materia general |
| Temática (materia general) |
ADMINISTRACIÓN DE LA CALIDAD TOTAL |
| 650 ## - Materia general |
| Temática (materia general) |
CONTROL ESTADÍSTICO DE PROCESOS |
| 650 ## - Materia general |
| Temática (materia general) |
DISTRIBUCIÓN FÍSICA |
| 650 ## - Materia general |
| Temática (materia general) |
DECISIONES DE OPERACIÓN |
| 650 ## - Materia general |
| Temática (materia general) |
PLANIFICACIÓN AGREGADA |
| 650 ## - Materia general |
| Temática (materia general) |
JUSTO A TIEMPO |
| 650 ## - Materia general |
| Temática (materia general) |
PROGRAMACIÓN DE MANUFACTURAS |
| 650 ## - Materia general |
| Temática (materia general) |
ADMINISTRACIÓN DE LA FUERZA DE TRABAJO |
| 650 ## - Materia general |
| Temática (materia general) |
PRONÓSTICOS |
| 650 ## - Materia general |
| Temática (materia general) |
PLANIFICACIÓN DE REQUERIMIENTOS DE MATERIALES |
| 650 ## - Materia general |
| Temática (materia general) |
PROGRAMACIÓN |
| 650 ## - Materia general |
| Temática (materia general) |
ADMINISTRACIÓN DE PROYECTOS |
| 942 ## - Punto de acceso adicional KOHA |
| Tipo de ítem KOHA |
Libro |
| Fuente del sistema de clasificación o colocación |
Dewey Decimal Classification |